| 000 | 00976nam0a22002651 4500 | ||
|---|---|---|---|
| 001 | rc\2815182 | ||
| 005 | 20250806211050.0 | ||
| 035 | _a(NLR Aleph) 006940953 | ||
| 090 |
_a37042 _c37042 |
||
| 100 | _a20110915d1945 u y0rusy50 ca | ||
| 101 | 0 | _arus | |
| 102 | _aRU | ||
| 105 | _aa z |||c| | ||
| 200 | 1 |
_aНа затмении _e(Очерк с натуры) _fВ. Г. Короленко _gРис. В. Ермолова |
|
| 210 |
_a[Москва] _cМол. гвардия _d1945 _g6-я тип. треста "Полиграфкнига" |
||
| 215 |
_a32 с. _cил. _d19 см. |
||
| 700 | 1 |
_aКороленко _bВ.Г. _f1853-1921 _gВладимир Галактионович |
|
| 702 | 1 |
_aЕрмолов _bВ.А. _gВладимир Алексеевич _4440 |
|
| 801 | 0 |
_aRU _bNLR _gpsbo |
|
| 801 | 1 |
_aRU _bELAR _2rusmarc |
|
| 852 |
_aNLR _jЛ30 Г-4/355 |
||
| 942 | _cBOOK | ||
| 945 | _aРоссийская национальная библиотека | ||
| 980 | _aNB | ||
| 980 | _aBV | ||